| 000 | 03317cam a22004814i 4500 | ||
|---|---|---|---|
| 003 | PE-LiUPU | ||
| 005 | 20250731165424.0 | ||
| 008 | 160128s2015 pe a rm 000 0 spa d | ||
| 035 | _a(Sirsi) a155841 | ||
| 040 |
_aPE-LiUPU _bspa _cPE-LiUPU _erda |
||
| 099 |
_aTT 2 _bS67 2015 |
||
| 100 | 1 |
_aSoncco Cruz, Héctor Raúl _eautor |
|
| 245 | 1 |
_aNivel de relación que existe entre la lectura de los libros de Elena G. de White y compromiso espiritual en los miembros de la Iglesia Adventista "San José", Callao "B", Lima, 2012 / _cHéctor Raúl Soncco Cruz. |
|
| 264 | 0 | _c2015. | |
| 300 |
_a110 hojas : _bilustraciones; _c28.5 cm |
||
| 336 |
_atext _2rdacontent |
||
| 337 |
_aunmediated _2rdamedia |
||
| 338 |
_avolume _2rdacarrier |
||
| 502 |
_aTesis _b(Lic.) -- _cUniversidad Peruana Unión, _d2015. |
||
| 504 | _aIncluye bibliografía | ||
| 520 | 3 | _aPara lograr los objetivos planteados, el presente trabajo de investigación es de tipo correlacional, porque pretende determinar la relación que existe entre dos variables en un contexto particular. Además, presenta un diseño no experimental, de corte transversal. La recolección de datos se realizó mediante una encuesta de 131 preguntas. El objetivo es determinar la relación que existe entre la lectura de libros de Elena G. de White y el compromiso espiritual de los miembros de la Iglesia Adventista "San José", Callao B, Lima, 2012. El compromiso espiritual se define en términos de relación con la misión de la IASD y por el grado de involucramiento y entrega del cristiano al servicio de Dios. Una muestra de ello se refleja en la asistencia regular a los cultos y programas de la iglesia, y en la fidelidad que ostenta al dar los diezmos, ofrendas y pactos. También se ve reflejado en los cultos familiares y personales que el cristiano practica en su vida. Como se ve, el compromiso espiritual es unidimensional, puesto que gira en torno a la misión de la iglesia (Mt. 28: 19-20). Conclusión: El estudio mostró que el nivel de relación que existe entre lectura de los libros de Elena G. de White con el compromiso espiritual en los miembros de la iglesia Adventista de "San José", Callao "B", es positiva media, próxima a alta, significativa el 0.01. Además, la tenencia de los libros de Elena G. de White con la fidelidad en los diezmos, ofrendas y pactos y el trabajo misionero es positiva media. En tal sentido, a mayor lectura de los libros de Elena G. de White, mayor es la relación con el compromiso espiritual. | |
| 526 | _aSEG44 | ||
| 526 | _aSEG26 | ||
| 526 | _aP151 | ||
| 526 | _aP150 | ||
| 526 | _aP149 | ||
| 526 | _aP146 | ||
| 526 | _aP145 | ||
| 526 | _aP126 | ||
| 526 | _aP125 | ||
| 526 | _aP92 | ||
| 526 | _aP75 | ||
| 526 | _aP74 | ||
| 526 | _aP27 | ||
| 526 | _aP15 | ||
| 610 | 0 | 4 |
_aAdventistas del Séptimo Día _xVotos religiosos. |
| 610 | 0 | 4 |
_aAdventistas del Séptimo Día _xVida espiritual. |
| 600 | 1 |
_aWhite, Elena G. de _xLibros y lectura. |
|
| 596 | _a1 | ||
| 942 |
_2ddc _cTESIS |
||
| 999 |
_aTT 2 S67 2015 _wALPHANUM _c8519 _iT01877 _lCCODEBUL3 _mBUL _r1 _sY _tTESIS _u2016-1-28 _xTEOLOGIA _PP35 _o.STAFF. Tesis _d8519 |
||
| 999 |
_aTT 2 S67 2015 _wALPHANUM _c2 _iT01990 _d2018-4-24 _lCCODEBUL3 _mBUL _q1 _r1 _sY _tTESIS _u2016-6-2 _xTEOLOGIA _PP35 _o.STAFF. Tesis |
||
| 980 |
_81 _gALBERTO SANCHEZ Responsable de Automatización |
||